Deutsche KFZ-Kennzeichen, die mit A beginnen - Statistiken

Allgemein
  • Dieses Quiz wurde 286 mal gespielt
  • Das Durchschnittsergebnis liegt bei 17 aus 31
Antwortstatistiken
Kennzeichen Antwort % Korrekt
A Stadt & Landkreis Augsburg
98%
AC Städteregion Aachen
96%
AA Ostalbkreis in Aalen
91%
ALZ Landkreis Aschaffenburg
86%
AB Stadt & Landkreis Aschaffenburg
85%
AUR Landkreis Aurich
77%
AS Landkreis Amberg-Sulzbach in Amberg
71%
AM Stadt Amberg
70%
Landkreis Altötting
69%
AZ Landkreis Alzey-Worms in Alzey
66%
AN Stadt & Landkreis Ansbach
63%
ANA Erzgebirgskreis
62%
AIC Landkreis Aichach-Friedberg in Aichach
60%
AP / APD Landkreis Weimarer Land (in Apolda)
59%
AW Landkreis Ahrweiler in Bad Neuenahr-Ahrweiler
57%
ANK Landkreis Vorpommern-Greifswald ohne die Stadt Greifswald
54%
ABG Landkreis Altenburger Land in Altenburg
50%
ARN Ilm-Kreis
49%
AU Erzgebirgskreis
46%
AK Landkreis Altenkirchen (Westerwald)
41%
AIB Landkreis München & Landkreis Rosenheim
41%
AH Landkreis Borken
40%
ASL Salzlandkreis
39%
AZE Landkreis Anhalt-Bitterfeld
36%
ABI Landkreis Anhalt-Bitterfeld in Köthen (Anhalt)
35%
ANG Landkreis Uckermark
29%
ALF Landkreis Hildesheim
25%
ART Kyffhaeuserkreis
23%
AE Vogtlandkreis
20%
ASZ Erzgebirgskreis
17%
AT Landkreis Mecklenburgische Seenplatte ohne die Stadt Neubrandenburg
15%
Keine übereinstimmenden Quizze gefunden
Verteilung der Resultate
Anzahl Personen mit jedem Resultat
Perzentil nach korrekt beantworteten Fragen
Ihre Resultats-Entwicklung
Sie haben dieses Quiz noch nicht gespielt